000 00416nam a2200157Ia 4500
003 GCL
008 140319s9999 xx 000 0 eng d
040 _aGCL /
_cGCL
082 0 4 _aCC
_b709.1
_bD A
100 1 _aD'AVENNES, E. PRISSE
245 1 0 _aARABIC ART IN COLOUR /
_cD'AVENNES, E. PRISSE
260 _a[S.N] :
_bDOVER PUBLICATIONS,INC. ،
_c1978
300 _a46 p
650 0 4 _aART, ISLAMIC
942 _2ddc
_cBK
999 _c21293
_d21293